Statistiken für Basel-Landschaft: Gemeinden nach Einwohnerzahl

Klicken Sie hier um das Quiz zu spielen!

Allgemein

  • Dieses Quiz wurde 59 mal gespielt
  • Das Durchschnittsergebnis liegt bei 9 aus 12

Antwortstatistiken

EinwohnerzahlBezirkAntwort% Korrekt
14'769-Liestal
92%
17'938ArlesheimMuttenz
92%
9217-Arlesheim
89%
16'606LiestalPratteln
89%
15'771ArlesheimBinningen
82%
21'374ArlesheimAllschwil
79%
10'314Arlesheim
Aesch (BL)
79%
19'159ArlesheimReinach (BL)
79%
11'104ArlesheimOberwil (BL)
68%
9979ArlesheimTherwil
66%
12'063ArlesheimMünchenstein
63%
10'396ArlesheimBirsfelden
55%

Verteilung der Resultate

Perzentil nach korrekt beantworteten Fragen

Anzahl Personen mit jedem Resultat

Ihre Resultats-Entwicklung

Sie haben dieses Quiz noch nicht gespielt